000 00663nam a2200145Ia 4500
008 171212s9999 xx 000 0 und d
020 _a9781925022544
100 _aBaume, Peter
245 _cBaume, Petereditor Wanna, John;Taflaga, Marija
_aA Dissident Liberal
_bThe Political Writings of Peter Baume
260 _bANU E Press
_c2015
440 _aAustralia and New Zealand School of Government (ANZSOG)
650 _aHistory
650 _aLiberal Party of Australia; Politicians -- Australia -- Biography; Australia -- Politics and government -- 1972–1975; Australia -- Politics and government -- 1976–1990
856 _uhttp://jstor.org/stable/j.ctt183q3f4
999 _c350964
_d350964